000 00760nam a2200217 u 4500
001 000458553
003 AM-YeHGA
005 20250617133526.0
008 051018s1980 ||| r 000 0 rus d
040 _aAM-YeHGA
041 0 _arus
100 1 _aКаменский, Василий Васильевич.
245 1 0 _aСтепан Разин :
_bПоэма /
_cВасилий Каменский; Худож. С. Алимов.
260 _aМосква :
_bСовременник,
_c1980.
300 _a54 с. :
_bцв. ил.
440 0 _aРоссийская поэма
600 1 4 _aРазин, Степан Тимофеевич
650 1 4 _aРусская литература
700 1 _aАлимов, С.
_eхудож.
_4art
090 _c168212
999 _c166785
_d166785